| 000 | 01457nam a2200229Ia 4500 | ||
|---|---|---|---|
| 999 |
_c38357 _d38357 |
||
| 001 | 4367 | ||
| 003 | GE_BSU | ||
| 005 | 20191004111800.0 | ||
| 008 | 181216s1983||||ge |||||||||||||| ||geo|| | ||
| 040 | _cGE_BSU | ||
| 041 | _ageo | ||
| 080 | _a001.83(479.22+470)+37.01(479.22)+37.01(470) ს–28 | ||
| 100 |
_aსარიშვილი, ტიტე _94498 |
||
| 245 |
_aნარკვევები საქართველო–რუსეთის მეცნიერულ–პედაგოგიური ურთიერთობის ისტორიიდან : _bგეორგიევსკის ტრაქტატის 200 წლისთავის საიუბილეოდ / _cტიტე სარიშვილი ; რედ. გ. ჯიბლაძე. |
||
| 264 |
_a თბ. : _bთბილ. უნ-ტის გამ-ბა და სტ., _c1983. |
||
| 300 |
_a181 გვ. ; _b20 სმ. |
||
| 504 | _aბიბლიოგრ. ტექსტის შენიშვნებში. | ||
| 653 | _aსაქართველო-რუსეთის სამეცნიერო ურთიერთობის ისტორია | ||
| 653 | _aსაქართველო-რუსეთის პედაგოგიური ურთიერთობის ისტორია | ||
| 700 |
_aჯიბლაძე, გ. _eრედაქტორი _94426 |
||
| 942 |
_cBK _2udc |
||